| 000 | 01002cam a2200241Mi 4500 | ||
|---|---|---|---|
| 999 |
_c6102 _d6102 |
||
| 001 | ocn496809088 | ||
| 003 | TZ-ArACH | ||
| 005 | 20201006151127.0 | ||
| 008 | 010104s1984uuuufr 000 0 fre d | ||
| 020 | _a2233001389 | ||
| 020 | _a9782233001382 | ||
| 035 | _a(OCoLC)496809088 | ||
| 040 |
_aZWZ _bfre _encafnor _cTZ-ArACH |
||
| 049 | _aTZAA | ||
| 050 | _aKZ24 .I47 1984 (60-II) | ||
| 110 | 2 |
_aInstitut de droit international. _4aut _eAuteur. |
|
| 245 | 1 | 0 |
_aAnnuaire de l'Institut de Droit international, Vol. 60 Tome II, 1984 (Session de Cambridge) _pSession de Cambridge 1983 : _bDélibérations de l'Institut en séances plénières / _cInstitut de Droit International = Yearbook, _p= Session of Cambridge 1983 = Deliberations of the Institute during Plenary Meetings / = Institute of International Law. |
| 260 |
_aParis : _bEd. A. Pedone, _c1984. |
||
| 300 |
_a463 p. ; _c24 cm. |
||
| 650 | 7 |
_aDroit international _xPériodiques. _2ram |
|
| 886 | 2 |
_2unimarc _a181 _ai# _bxxxe## |
|
| 942 |
_2lcc _cBOOK |
||